Správní právo trestní

Saved in:
Bibliographic Details
Main Authors Fiala, Zdeněk, 1981- (Author), Frumarová, Kateřina, 1976- (Author), Horzinková, Eva, 1951- (Author), Škurek, Martin, 1984- (Author)
Format Book
LanguageCzech
Published Praha : Leges, 2026
Edition3. aktualizované vydání
SeriesStudent (Leges)
Subjects
ISBN978-80-7502-868-6
Physical Description304 stran ; 21 cm

Cover

LEADER 00000nam a2200000 i 4500
001 115864
003 CZ ZlUTB
005 20260630093041.0
007 ta
008 260414s2026 xr e p 001 0 cze
015 |a cnb003751043 
020 |a 978-80-7502-868-6  |q (brožováno) 
040 |a ABA001  |b cze  |d BOA001  |e rda 
072 7 |a 342  |x Ústavní právo. Správní právo  |2 Konspekt  |9 16 
072 7 |a 37.016  |x Učební osnovy. Vyučovací předměty. Učebnice  |2 Konspekt  |9 22 
080 |a 342.95  |2 MRF 
080 |a 347.51  |2 MRF 
080 |a 343.232  |2 MRF 
080 |a (075.8)  |2 MRF 
100 1 |a Fiala, Zdeněk,  |d 1981-  |7 ola2018977519  |4 aut 
245 1 0 |a Správní právo trestní /  |c Zdeněk Fiala, Kateřina Frumarová, Eva Horzinková, Martin Škurek et al. 
250 |a 3. aktualizované vydání 
264 1 |a Praha :  |b Leges,  |c 2026 
300 |a 304 stran ;  |c 21 cm 
336 |a text  |b txt  |2 rdacontent 
337 |a bez média  |b n  |2 rdamedia 
338 |a svazek  |b nc  |2 rdacarrier 
490 1 |a Student 
504 |a Obsahuje bibliografii, bibliografické odkazy a rejstřík 
650 0 7 |a správní právo trestní  |7 ph125980  |2 czenas 
650 0 7 |a trestní odpovědnost  |7 ph119629  |2 czenas 
650 0 7 |a správní delikty  |7 ph125976  |2 czenas 
650 0 9 |a criminal administrative law  |2 eczenas 
650 0 9 |a criminal liability  |2 eczenas 
650 0 9 |a administrative offences  |2 eczenas 
655 7 |a učebnice vysokých škol  |7 fd133772  |2 czenas 
655 9 |a textbooks (higher)  |2 eczenas 
700 1 |a Frumarová, Kateřina,  |d 1976-  |7 xx0030710  |4 aut 
700 1 |a Horzinková, Eva,  |d 1951-  |7 jn20000810252  |4 aut 
700 1 |a Škurek, Martin,  |d 1984-  |7 ola2014815282  |4 aut 
710 2 |a Nakladatelství Leges  |7 xx0226857  |4 pbl 
830 0 |a Student (Leges) 
910 |a ZLD002 
942 |2 udc 
952 |0 0  |1 0  |4 0  |6 34FIALAZ  |7 -1  |8 BOOK  |9 191726  |a UTBZL  |b UTBZL  |c 005  |d 2026-06-30  |l 0  |o 34/FIALA,Z.  |p 420010202351  |r 2026-06-30 09:31:35  |v 520.00  |w 2026-06-30  |x N:nákup  |y 01 
992 |a BK  |b SKNEW 
999 |c 115864  |d 115864